La prostitución en el medioevo

Saved in:
Bibliografiske detaljer
Hovedforfatter: Rossiaud, Jacques (Author)
Format: Bog
Sprog:spansk
Udgivet: Barcelona Ariel 1986
Fag:
Tags: Tilføj Tag
Ingen Tags, Vær først til at tagge denne postø!

MARC

LEADER 00000nam a2200000 a 4500
001 UCV8062
003 CL-VaPUC
008 900510e19860000SP |||||||||||||||||spa|d
082 0 4 |a 306.74  |b ROS  |2 21 
100 0 |a Rossiaud, Jacques  |e author  |9 302146 
245 1 3 |a La prostitución en el medioevo 
300 |a 222 p 
942 |c BK 
945 |d 19900510 00:00:00 
260 |a Barcelona  |b Ariel  |c 1986 
650 7 |a PROSTITUCION HISTORIA  |2 CL-VaPUC  |9 265996 
650 0 |a Historia medieval   |9 258042 
650 0 |a Aspectos sociales  |9 254894 
650 0 |a Problemas sociales  |9 258537 
583 |a last modification  |c 19900510 00:00:00  |k Rodrigo Vera 
999 |c 213646  |d 213644 
952 |0 0  |1 0  |4 0  |6 306_740000000000000_ROS_1986  |7 0  |8 A  |9 196223  |a BIBARQ  |b BIBARQ  |d 2019-11-14  |i 2641313  |o 306.74 ROS 1986  |p 2641313  |r 2025-01-20  |w 2019-11-14  |y BK  |k ARQ 
952 |0 0  |1 0  |4 0  |6 306_740000000000000_ROS_1986  |7 0  |8 A  |9 196224  |a BIBHIS  |b BIBHIS  |d 2019-11-14  |i 1369415  |o 306.74 ROS 1986  |p 1369415  |r 2025-01-20  |w 2019-11-14  |y BK  |k HIS